000 02460nam1a2200373 i 4500
001 RU\NLR\BIBL_A\016242657
005 20260406135421.0
010 _a9785005411341
_91000
035 _a(NLR Aleph) 016242657
090 _a12802242
_c12802242
100 _a20221220d2023 u y0rusy50 ca
101 0 _arus
102 _aRU
105 _a j
181 0 _ai
_baxxe
182 0 _an
200 1 _aТехническое обслуживание, ремонт электрооборудования и сетей промышленных предприятий
_eучебник
_eдля студентов, обучающихся по всем специальностям, входящим в УГПС 13.00.00 "Электро- и теплоэнергетика", а также по профессии "лектромонтер по ремонту и обслуживанию электрооборудования (по отраслям)"
_eв двух книгах
_fЮ. Д. Сибикин
203 _aТекст
_bвизуальный
_cнепосредственный
205 _a14-е изд., стер.
210 _aМосква
_cАкадемия
_d2023
215 _d22
225 1 _aПрофессиональное образование
300 _aНа обл.: Профессиональный модуль: Сборка, монтаж, регулировка и ремонт узлов и механизмов оборудования , агрегатов, машин, станков и другого электрооборудования промышленных организаций
313 _a13-е изд. 2020г.
333 _a12+
606 _aПромышленные предприятия
_jУчебники для среднего профессионального образования
_xЭлектрооборудование
_92214912
_3RU\NLR\AUTH\661330348
606 _aПромышленные предприятия
_jУчебники для среднего профессионального образования
_xЭлектрические сети
_91984236
_3RU\NLR\AUTH\66910495
686 1 _aЗ29-5-08я723-1
686 1 _aЗ279.27-08я723-1
700 1 _8rus
_7ca
_aСибикин
_bЮ. Д.
_f1928-2021
_gЮрий Дмитриевич
_3RU\NLR\AUTH\772666
_9112676
852 _aNLR
_j2022-5/13154
942 _cBOOK